Effect of three kind of antibiotics on diarrhea of suckling piglet in Cambodia-China breeding pig demonstration farm, ប្រសិទ្ធភាពអង់ទីប៊ីយ៉ូទិចបីប្រភេទលើជំងឺរាកកូនជ្រូកកំឡុងពេលបំបៅដោះក្នុងស្ថានីយចិញ្ចឹមជ្រូកពូជបង្ហាញ កម្ពុជា-ចិន (Record no. 2728)
[ view plain ]
| 000 -LEADER | |
|---|---|
| fixed length control field | 00807nam a22001577a 4500 |
| 003 - CONTROL NUMBER IDENTIFIER | |
| control field | OSt |
| 005 - DATE AND TIME OF LATEST TRANSACTION | |
| control field | 20151026131126.0 |
| 008 - FIXED-LENGTH DATA ELEMENTS--GENERAL INFORMATION | |
| fixed length control field | 151026b xxu||||| |||| 00| 0 eng d |
| 040 ## - CATALOGING SOURCE | |
| Transcribing agency | RUA |
| 082 ## - DEWEY DECIMAL CLASSIFICATION NUMBER | |
| Classification number | AVM SOR 2013 B110 Or.1 |
| 100 ## - MAIN ENTRY--PERSONAL NAME | |
| 9 (RLIN) | 2910 |
| Personal name | SOR, PHANEIT. |
| 245 ## - TITLE STATEMENT | |
| Title | Effect of three kind of antibiotics on diarrhea of suckling piglet in Cambodia-China breeding pig demonstration farm, ប្រសិទ្ធភាពអង់ទីប៊ីយ៉ូទិចបីប្រភេទលើជំងឺរាកកូនជ្រូកកំឡុងពេលបំបៅដោះក្នុងស្ថានីយចិញ្ចឹមជ្រូកពូជបង្ហាញ កម្ពុជា-ចិន |
| 260 ## - PUBLICATION, DISTRIBUTION, ETC. (IMPRINT) | |
| Place of publication, distribution, etc. | Phnom Penh |
| Name of publisher, distributor, etc. | RUA |
| Date of publication, distribution, etc. | 2013 |
| 300 ## - PHYSICAL DESCRIPTION | |
| Extent | x; 52p. |
| Other physical details | ill. |
| Dimensions | 29cm. |
| 942 ## - ADDED ENTRY ELEMENTS (KOHA) | |
| Source of classification or shelving scheme | |
| Koha item type | AVM |
| Price effective from | Date last seen | Permanent Location | Not for loan | Date acquired | Source of classification or shelving scheme | Koha item type | Lost status | Withdrawn status | Date last checked out | Total Checkouts | Shelving location | Damaged status | Barcode | Current Location | Full call number |
|---|---|---|---|---|---|---|---|---|---|---|---|---|---|---|---|
| 2017-08-31 | 2017-08-31 | Library Block A | 2017-08-31 | AVM | A26571 | Library Block A | AVM SOR 2013 B110 Or.8 | ||||||||
| 2015-10-26 | 2015-10-26 | Library Block B | 2015-10-26 | AVM | B110 | RUA018377 | Library Block B | AVM SOR 2013 B110 Or.1 | |||||||
| 2015-10-26 | 2015-10-26 | Library Block B | 2015-10-26 | AVM | B110 | RUA018449 | Library Block B | AVM SOR 2013 B110 Or.2 | |||||||
| 2015-10-26 | 2015-10-26 | Library Block B | 2015-10-26 | AVM | B110 | RUA010032 | Library Block B | AVM SOR 2013 B110 Or.3 | |||||||
| 2015-10-26 | 2015-10-26 | Library Block B | 2015-10-26 | AVM | B110 | RUA008506 | Library Block B | AVM SOR 2013 B110 Or.4 | |||||||
| 2015-10-26 | 2015-10-26 | Library Block B | 2015-10-26 | AVM | B110 | RUA008434 | Library Block B | AVM SOR 2013 B110 Or.5 | |||||||
| 2015-10-26 | 2019-12-04 | Library Block B | 2015-10-26 | AVM | 2019-11-01 | 2 | B110 | RUA008392 | Library Block B | AVM SOR 2013 B110 Or.6 | |||||
| 2015-10-28 | 2015-10-28 | Library Block B | 2015-10-28 | AVM | B110 | RUA012772 | Library Block B | AVM SOR 2013 B110 Or.7 | |||||||
| 2019-07-15 | 2019-07-15 | Library Block B | 2019-07-15 | AVM | B1.230 | A40546 | Library Block B | AVM SOR 2013 B1.230 Or.1 | |||||||
| 2022-10-26 | 2022-10-26 | Library Block B | 2022-10-26 | AVM | B110 | a37351 | Library Block B | AVM SOR 2013 B110 Or.1 |